000 00578nam a2200193 4500
003 OSt
005 20240620020556.0
006 a
008 240620b |||||||| |||| 00| 0 eng d
020 _a9789719376811
040 _aDWCL-Main lib.
_cOC
082 _aFil. 346.7306 B976f 2010
245 _aBusiness forms and legal documents /
260 _aManila :
_bCenter for Small Entrepreneurs,
_cc2010.
300 _b140 p. ;
_c23 cm.
650 _a1. Business–Law and legislation–Philippines.
650 _a2. Forms (Law)–Philippines.
942 _2ddc
_n0
_cBK - FIL
_kFil.
999 _c949
_d949